Histoire du drapeau de l'Inde - Statistiques

Statistiques générales
  • Ce quiz a été pris 71 fois
  • Le résultat moyen est 5 sur 8
Statistiques - réponses
Hint Réponse % Correct
Dominion de l'Inde (1947-1950) et Inde (drapeau actuel depuis 1950)
95%
Raj Britannique (1858-1947)
86%
Empire maurya (-320 - -185)
57%
Empire Mogol (1526-1857)
57%
Compagnie britannique des Indes orientales (1757-1858)
55%
Dynastie Chola (185-1206)
48%
Empire marathe (1674-1819)
45%
Sultanat de Dehli (1206-1526)
24%
Aucun quiz correspondant
Distribution des résultats
% des personnes avec chaque résultat
Percentile par nombre de réponses
Votre historique - résultats
Vous n’avez pas pris ce quiz